000 00652nam a22001937a 4500
005 20251108164352.0
008 250721s1991 xx 000 0 ara d
082 1 4 _a709.02/محم
100 1 _aجودي، محمد حسين
245 1 0 _aالتأثير العربي في الفنون الأوروبية /
264 1 _aبغداد :
_bدار الشؤون الثقافيه العامه - آفاق عربيه،
_c1991.
300 _a98ص
490 0 _aالموسوعه الصغيره ؛ 358
650 1 7 _aالفن
650 1 7 _aالحضارة الإسلامية
650 1 7 _aالتاريخ الإسلامي
942 _2ddc
_cBK
999 _c10458
_d10458